¿Hay solución a la crisis centroamericana? /

שמור ב:
מידע ביבליוגרפי
מחבר ראשי: Súdarev, Vladimir
פורמט: Texto
תגים: הוספת תג
אין תגיות, היה/י הראשונ/ה לתייג את הרשומה!

MARC

LEADER 00000 a a2200000 04500
001 680
003
040 |a CRAI/IIS  |c CRAI/IIS 
100 |a Súdarev, Vladimir  
245 |a ¿Hay solución a la crisis centroamericana? /  |c Vladimir Súdarev  
773 |g número 8; páginas 9-16  
999 |c 20214  |d 20214